|
|
|
|
| LEADER |
00000nam a2200000 i 4500 |
| 001 |
ELB41395 |
| 003 |
FINmELB |
| 005 |
20200402105710.0 |
| 006 |
m o u |
| 007 |
cr cn||||||||| |
| 008 |
140728s2008 sp ob 001 0 spa d |
| 020 |
|
|
|z 9788400086763
|
| 020 |
|
|
|a 9788400096885 (e-book)
|
| 035 |
|
|
|a (OCoLC)991997709
|
| 040 |
|
|
|a FINmELB
|b spa
|e rda
|c FINmELB
|
| 050 |
|
4 |
|a GN778.22.S7
|b .C741 2008
|
| 082 |
0 |
|
|a 936.6
|2 23
|
| 245 |
0 |
4 |
|a Las comunidades agrarias de la Edad del Bronce en la Mancha oriental, Albacete /
|c María Dolores Fernández-Posse [y otros 3].
|
| 264 |
|
1 |
|a Madrid :
|b Editorial CSIC Consejo Superior de Investigaciones Científicas,
|c 2008.
|
| 300 |
|
|
|a 1 recurso en línea
|
| 336 |
|
|
|a texto
|b txt
|2 rdacontent/spa
|
| 337 |
|
|
|a computadora
|b c
|2 rdamedia/spa
|
| 338 |
|
|
|a recurso en línea
|b cr
|2 rdacarrier/spa
|
| 490 |
1 |
|
|a Bibliotheca praehistorica Hispana ;
|v 25
|
| 500 |
|
|
|a Contiene índice.
|
| 504 |
|
|
|a Incluye bibliografía.
|
| 588 |
|
|
|a Descripción basada en metadatos suministrados por el editor y otras fuentes.
|
| 590 |
|
|
|a Recurso electrónico. Santa Fe, Arg.: elibro, 2020. Disponible vía World Wide Web. El acceso puede estar limitado para las bibliotecas afiliadas a elibro.
|
| 650 |
|
4 |
|a Excavaciones arqueológicas
|z Albacete (Provincia)
|
| 650 |
|
4 |
|a Edad del Bronce
|z Albacete (Provincia)
|
| 650 |
|
0 |
|a Bronze age
|z Spain
|z Albacete (Province)
|
| 655 |
|
4 |
|a Libros electrónicos.
|
| 700 |
1 |
|
|a Fernández-Posse, María Dolores.
|
| 797 |
2 |
|
|a elibro, Corp.
|
| 830 |
|
0 |
|a Bibliotheca praehistorica Hispana ;
|v 25.
|
| 856 |
4 |
0 |
|u https://elibro.uam.elogim.com/ereader/bidiuam/41395
|z Texto completo
|